000 00990nam a22002417a 4500
001 44791
003 BD-RjUL
005 20211209053922.0
008 160720s1964 ii ||||| |||| 00| 0 ben d
020 _c: TK 16.25
035 _a(BD-RjUL)44909
040 _aBD-RjUL
_bben
_cBD-RjUL
041 _aben
082 _223
_a891.44108
_bBAU 1964
100 _aবন্দ্যোপাধ্যায়, কুমার
_9135388
245 1 0 _aউনবিংশ শতকের গীতিকবিতা সংকলন /
_cকুমার বন্দ্যোপাধ্যায়
260 _aকলিকাতা :
_bমডার্ণ বুক,
_c১৯৬৪
300 _a[৪৮], ৭৮৬ পৃ. ;
_c১৭ সেমি.
650 _aবাংলা কবিতা
_xসংগ্রহ
_9126131
650 _aBengali Poetry
_xCollection
_9126132
700 _aমুখোপাধ্যায়, অরুণকুমার
_9121124
942 _2ddc
_cBK
999 _c44791
_d44791